FC 25 Immortals - Statistics

General Stats
  • This quiz has been taken 15 times
  • The average score is 33 of 51
Answer Stats
rat pos club playre % Correct
Immortals Icon 96 ST Portugal Eusébio
100%
Immortals Junior Icon 93 ST Portugal Eusébio
100%
Immortals Icon 96 CB Germany Franz Beckenbauer
100%
Immortals Junior Icon 93 CDM Germany Franz Beckenbauer
100%
Immortals Icon 95 GK Italy Gianluigi Buffon
100%
Immortals Icon 94 CB Italy Paolo Maldini
100%
Immortals Junior Icon 92 LB Italy Paolo Maldini
100%
Immortals Icon 96 ST Brazil Ronaldo
100%
Immortals Icon 97 CAM Brazil Pelé
93%
Immortals Icon 94 ST Wales Gareth Bale
86%
Immortals Junior Icon 90 LB Wales Gareth Bale
86%
Immortals Icon 96 LM France Franck Ribéry
79%
Immortals Icon 94 LM Czech Republic Pavel Nedvěd
79%
Immortals Junior Icon 89 CAM Czech Republic Pavel Nedvěd
79%
Immortals Icon 95 ST France Thierry Henry
79%
Immortals Junior Icon 92 ST France Thierry Henry
79%
Immortals Icon 93 RB Italy Gianluca Zambrotta
71%
Immortals Junior Icon 89 RM Italy Gianluca Zambrotta
71%
Immortals Icon 93 RB Argentina Javier Zanetti
71%
Immortals Junior Icon 89 CM Argentina Javier Zanetti
71%
Immortals Icon 93 CM England Steven Gerrard
71%
Immortals Icon 93 RW Brazil Jairzinho
64%
Immortals Icon 94 CM Germany Lothar Matthäus
64%
Immortals Junior Icon 90 CB Germany Lothar Matthäus
64%
Immortals Icon 96 ST United States Mia Hamm
64%
Immortals Icon 93 ST England Wayne Rooney
64%
Immortals Junior Icon 89 CAM England Wayne Rooney
64%
Immortals Hero 94 LM Ligue 1 David Ginola
57%
Immortals Icon 94 CM Japan Homare Sawa
57%
Immortals Icon 91 ST Mexico Luis Hernández
57%
Immortals Junior Icon 90 ST Mexico Luis Hernández
57%
Immortals Icon 94 CAM Brazil Zico
57%
Immortals Junior Icon 92 CAM Brazil Zico
57%
Immortals Hero 92 LM MLS DaMarcus Beasley
50%
Immortals Junior Hero 88 LB Scottish Premiership DaMarcus Beasley
50%
Immortals Junior Hero 91 CB Premier League Javier Mascherano
50%
Immortals Hero 92 CB La Liga Javier Mascherano
50%
Immortals Icon 95 GK Germany Nadine Angerer
50%
Immortals Junior Icon 91 GK Germany Nadine Angerer
50%
Immortals Icon 92 CAM Italy Alessandro Del Piero
43%
Immortals Icon 93 CM France Camille Abily
43%
Immortals Icon 93 CAM Italy Gianfranco Zola
43%
Immortals Junior Icon 88 ST Italy Gianfranco Zola
43%
Immortals Icon 94 CB France Laurent Blanc
43%
Immortals Junior Icon 89 CAM France Laurent Blanc
43%
Immortals Hero 90 ST Saudi Pro League Sami Al-Jaber
43%
Immortals Hero 92 LB Première Ligue Sonia Bompastor
43%
Immortals Junior Hero 90 LB Première Ligue Sonia Bompastor
43%
Immortals Hero 90 CAM La Liga Aleksandr Mostovoi
29%
Immortals Icon 93 ST England Kelly Smith
29%
Immortals Junior Icon 90 ST England Kelly Smith
29%
No matching quizzes found
Score Distribution
Percent of People with Each Score
Percentile by Number Answered
Your Score History
You have not taken this quiz